000 00382nam a2200133Ia 4500
008 151001s9999||||xx |||||||||||||| ||und||
100 _aअभया शेलकर
245 _aफौजदारी न्याय पद्धती
250 _a1
260 _bशिवांश पब्लिकेशन
260 _c2005
300 _a488
365 _b21
999 _c985649
_d985646